Kirk and Bristner's handbook of veterinary procedures and emergency treatment (Record no. 85751)

MARC details
000 -LEADER
fixed length control field 00971 a2200289 4500
003 - CONTROL NUMBER IDENTIFIER
control field CBULib
005 - DATE AND TIME OF LATEST TRANSACTION
control field 20250612085416.0
008 - FIXED-LENGTH DATA ELEMENTS--GENERAL INFORMATION
fixed length control field 241031b |||||||| |||| 00| 0 eng d
020 ## - INTERNATIONAL STANDARD BOOK NUMBER
International Standard Book Number 9781437707984
040 ## - CATALOGING SOURCE
Language of cataloging English
Transcribing agency CBULib
Description conventions rda
050 ## - LIBRARY OF CONGRESS CALL NUMBER
Classification number SF 748 For
100 ## - MAIN ENTRY--PERSONAL NAME
Personal name Ford, Richard B.
245 ## - TITLE STATEMENT
Title Kirk and Bristner's handbook of veterinary procedures and emergency treatment
Statement of responsibility, etc / Richard B. Ford
250 ## - EDITION STATEMENT
Edition statement Ninth edition.
260 ## - PUBLICATION, DISTRIBUTION, ETC. (IMPRINT)
Name of publisher, distributor, etc Elsevier,
Date of publication, distribution, etc 2012
Place of publication, distribution, etc St. Louis :
300 ## - PHYSICAL DESCRIPTION
Extent xii, 767 pages : illustrations
336 ## - CONTENT TYPE
Source rdacontent
Content type term Text |
Content type code txt
337 ## - MEDIA TYPE
Source rdamedia
Media type term Unmediated |
Media type code n
338 ## - CARRIER TYPE
Source rdacarrier
Carrier type term Volume
Carrier type code nc
500 ## - GENERAL NOTE
General note Includes charts and an index
650 #0 - SUBJECT ADDED ENTRY--TOPICAL TERM
9 (RLIN) 3837
Topical term or geographic name as entry element ELECTRONIC BOOK
650 #0 - SUBJECT ADDED ENTRY--TOPICAL TERM
9 (RLIN) 3892
Topical term or geographic name as entry element EMERGENCIES VETERINARY
650 #0 - SUBJECT ADDED ENTRY--TOPICAL TERM
9 (RLIN) 3893
Topical term or geographic name as entry element FIRST AID FOR ANIMALS
650 #0 - SUBJECT ADDED ENTRY--TOPICAL TERM
9 (RLIN) 3895
Topical term or geographic name as entry element FIRST AID FOR ANIMALS HANDBOOKS, MANUALS ETC
650 #0 - SUBJECT ADDED ENTRY--TOPICAL TERM
9 (RLIN) 3894
Topical term or geographic name as entry element FIRST AID FOR ANIMALS HANDBOOK, MANUALS ETC
942 ## - ADDED ENTRY ELEMENTS (KOHA)
Source of classification or shelving scheme
Koha item type MONOGRAPH
Holdings
Withdrawn status Lost status Source of classification or shelving scheme Damaged status Not for loan Collection code Permanent Location Current Location Shelving location Date acquired Source of acquisition Cost, normal purchase price Full call number Barcode Date last seen Price effective from Koha item type
          CBU-Lusaka Campus CBU- LUSAKA CAMPUS CBU- LUSAKA CAMPUS General Stacks 10/31/2024 BOOK AID INTERNATIONAL 96.16 SF 748 For 753050 10/31/2024 10/31/2024 MONOGRAPH
          Main Library Open Access Collection CBU-MAIN LIBRARY, KITWE. CBU-MAIN LIBRARY, KITWE. General Stacks 01/23/2025 BOOK AID INTERNATIONAL 96.16 SF 748 For 753308 01/23/2025 01/23/2025 MONOGRAPH